Ecoregions: the ecosystem geography of the oceans and continentes

Guardat en:
Dades bibliogràfiques
Autor principal: Bailey, Robert G (Autor)
Format: Llibre
Idioma:anglès
Publicat: Nueva York Springer 2014
Edició:2a. ed
Matèries:
Etiquetes: Afegir etiqueta
Sense etiquetes, Sigues el primer a etiquetar aquest registre!

MARC

LEADER 00000cam a2200000 a 4500
001 UCD3853
003 CL-VaPUC
008 160616e20140000us |||||||||||||||||eng|d
020 |a 9781493905232 
082 0 4 |a 577.82  |b BAI  |2 21 
100 0 |a Bailey, Robert G  |e author  |9 587469 
245 1 0 |a Ecoregions: the ecosystem geography of the oceans and continentes 
250 |a 2a. ed 
300 |a 180 p 
942 |c BK 
945 |d 20160616 22:39:00  |a arojas 
260 |a Nueva York  |b Springer  |c 2014 
650 0 |a Ecología   |9 258124 
650 0 |a Ecosistemas  |9 261477 
650 7 |a REGIONES  |2 CL-VaPUC  |9 357787 
650 7 |a ECOLOGISMO  |2 CL-VaPUC  |9 503978 
583 |a last modification  |c 20160616 22:39:00  |k Rodrigo Vera 
999 |c 364868  |d 364866 
952 |0 0  |1 0  |3 erb  |4 0  |6 577_820000000000000_BAI_2014  |7 0  |8 A  |9 478465  |a BIBING  |b BIBING  |i 5293251  |l 1  |o 577.82 BAI 2014  |p 5293251  |r 2025-01-20  |s 2024-01-30  |w 2019-11-24  |y BK  |z Catalogado en:20160616  |k GEO